|
|
|
|
| LEADER |
02217nam a22003975i 4500 |
| 001 |
978-88-470-2017-7 |
| 003 |
DE-He213 |
| 005 |
20130725234544.0 |
| 007 |
cr nn 008mamaa |
| 008 |
120330s2012 it | s |||| 0|ita d |
| 020 |
|
|
|a 9788847020177
|9 978-88-470-2017-7
|
| 024 |
7 |
|
|a 10.1007/978-88-470-2017-7
|2 doi
|
| 040 |
|
|
|d GrThAP
|
| 050 |
|
4 |
|a R1
|
| 072 |
|
7 |
|a MB
|2 bicssc
|
| 072 |
|
7 |
|a MED000000
|2 bisacsh
|
| 082 |
0 |
4 |
|a 610
|2 23
|
| 100 |
1 |
|
|a Scaglione, Francesco.
|e author.
|
| 245 |
1 |
0 |
|a Guida alla Terapia antimicrobica nella pratica clinica
|h [electronic resource] /
|c by Francesco Scaglione.
|
| 264 |
|
1 |
|a Milano :
|b Springer Milan,
|c 2012.
|
| 300 |
|
|
|a VIII, 154pagg.
|b online resource.
|
| 336 |
|
|
|a text
|b txt
|2 rdacontent
|
| 337 |
|
|
|a computer
|b c
|2 rdamedia
|
| 338 |
|
|
|a online resource
|b cr
|2 rdacarrier
|
| 347 |
|
|
|a text file
|b PDF
|2 rda
|
| 520 |
|
|
|a La terapia antibiotica è un campo della medicina in continua evoluzione ed è al centro di dibattiti sempre vivi. Tema assai delicato, oggi più che mai, è l’importanza di un uso calibrato e razionale degli antimicrobici che limiti il rischio di resistenze batteriche e preservi l’efficacia delle cure. La comparsa di nuovi patogeni ha spinto la comunità scientifica a riconsiderare molti aspetti delle terapie, e proprio di tutte queste novità il volume fornisce un attento aggiornamento. Per facilitare la consultazione questa guida raggruppa le informazioni secondo diversi criteri di ricerca: per distretti corporei, per classi di farmaci e per tipologia di microbo. In questo modo il medico, a seconda delle circostanze, può trovare rapidamente i dettagli essenziali dei diversi farmaci e deciderne l’impiego più opportuno. Completa il volume anche una sezione sul controverso tema degli antibiotici in gravidanza.
|
| 650 |
|
0 |
|a Medicine.
|
| 650 |
1 |
4 |
|a Medicine & Public Health.
|
| 650 |
2 |
4 |
|a Medicine/Public Health, general.
|
| 650 |
2 |
4 |
|a Biomedicine general.
|
| 710 |
2 |
|
|a SpringerLink (Online service)
|
| 773 |
0 |
|
|t Springer eBooks
|
| 776 |
0 |
8 |
|i Printed edition:
|z 9788847020160
|
| 856 |
4 |
0 |
|u http://dx.doi.org/10.1007/978-88-470-2017-7
|z Full Text via HEAL-Link
|
| 912 |
|
|
|a ZDB-2-SME
|
| 950 |
|
|
|a Medicine (Springer-11650)
|